Państwa o 50% jednoliterowym brzmieniu - Statystyki

Ogólne statystyki
  • Ten quiz został rozwiązany 1 773 razy
  • Średni wynik to 2 z 4
Statystyki odpowiedzi
Litera Państwo % Poprawnych
O Togo
79%
A Kanada
53%
A Panama
51%
O Kosowo
33%
Nie znaleziono quizów pasujących do podanych kryteriów
Rozkład punktacji
Procent ludzi z każdym wynikiem
Percentyl według liczby udzielonych odpowiedzi
Twoja historia wyników
Nie rozwiązałeś tego quizu